000
00327nam a2200121 a 4500
005
20140414132101.0
008
100703s19uu xx 00 eng d
050
_a
TR 371
_b
DE 2001
100
_a
de Ocampo, Maricar
245
_a
Your guide to pre-schools in Metro Manila.
260
_a
Manila :
_b
Anvil,
_c
2001.
999
_c
114452
_d
114452